[Event "Roncana op-C 8th"]
[Site "Santa Eulalia de Roncana"]
[Date "2014.11.08"]
[Round "4"]
[White "Casares Bonals, Ainhoa"]
[Black "Gomez Mozo, Joel"]
[Result "1/2-1/2"]
[WhiteElo "1700"]
[BlackElo "1700"]
[PlyCount "83"]
[EventDate "2014.10.11"]
[EventType "swiss"]
[EventRounds "8"]
[EventCountry "ESP"]
[SourceTitle "EXT 2016"]
[Source "ChessBase"]
[SourceDate "2015.10.08"]
[SourceVersion "1"]
[SourceVersionDate "2015.10.08"]
[SourceQuality "1"]

1. e4 e6 2. Nc3 d5 3. f3 c5 4. Bb5+ Bd7 5. d4 cxd4 6. Qxd4 Bxb5 7. Nxb5 Nc6 8. Qd1 Qa5+ 9. Nc3 Nf6 10. Bd2 0-0-0 11. Qe2 Nd4 12. Qd3 e5 13. Nge2 dxe4 14. fxe4 Nb3 15. Nd5 Qa4 16. Qc3+ Bc5 17. Ne7+ Kb8 18. Qxe5+ Bd6 19. cxb3 Bxe5 20. bxa4 Bxb2 21. Rb1 Ba3 22. Nc6+ Kc8 23. Nxd8 Rxd8 24. e5 Ne4 25. Bf4 g5 26. Bg3 Nd2 27. Rd1 Bb4 28. Rc1+ Kd7 29. e6+ fxe6 30. Rc7+ Ke8 31. Rxh7 Rd3 32. Rh8+ Kd7 33. Rh7+ Kc6 34. Rc7+ Kd5 35. Rd7+ Kc6 36. Rxd3 Ne4+ 37. Kd1 e5 38. Bxe5 Nf2+ 39. Kc2 Nxh1 40. Nd4+ Kd5 41. Nf3+ Ke6 42. Re3 1/2-1/2

[Event "Roncana op-C 8th"]
[Site "Santa Eulalia de Roncana"]
[Date "2014.10.18"]
[Round "2"]
[White "Dartmann Aubanell, Catriona"]
[Black "Gomez Mozo, Joel"]
[Result "1-0"]
[WhiteElo "1760"]
[BlackElo "1700"]
[PlyCount "55"]
[EventDate "2014.10.11"]
[EventType "swiss"]
[EventRounds "8"]
[EventCountry "ESP"]
[SourceTitle "EXT 2016"]
[Source "ChessBase"]
[SourceDate "2015.10.08"]
[SourceVersion "1"]
[SourceVersionDate "2015.10.08"]
[SourceQuality "1"]

1. e4 e6 2. d4 d5 3. exd5 exd5 4. Nf3 Nf6 5. Bd3 Bd6 6. 0-0 Nbd7 7. Nc3 0-0 8. Bg5 Re8 9. Nxd5 Be7 10. Bxf6 Bxf6 11. Re1 Rxe1+ 12. Qxe1 Nf8 13. Nxf6+ Qxf6 14. Qe5 Nd7 15. Qxc7 Nf8 16. Re1 Bd7 17. Qxb7 Bc6 18. Qe7 Nd7 19. Qxf6 Nxf6 20. Ne5 Re8 21. Bc4 Bd5 22. Bxd5 Nxd5 23. Kf1 Nf6 24. c4 h6 25. b4 Rd8 26. Nc6 Rc8 27. Ne7+ Kf8 28. Nxc8 1-0

[Event "Roncana op-C 8th"]
[Site "Santa Eulalia de Roncana"]
[Date "2014.10.11"]
[Round "1"]
[White "Gomez Mozo, Joel"]
[Black "Alcantara Ruiz, Natalia"]
[Result "1-0"]
[WhiteElo "1700"]
[BlackElo "1725"]
[PlyCount "33"]
[EventDate "2014.10.11"]
[EventType "swiss"]
[EventRounds "8"]
[EventCountry "ESP"]
[SourceTitle "EXT 2016"]
[Source "ChessBase"]
[SourceDate "2015.10.08"]
[SourceVersion "1"]
[SourceVersionDate "2015.10.08"]
[SourceQuality "1"]

1. e4 d5 2. exd5 Nf6 3. Nc3 Nxd5 4. Qf3 Nxc3 5. Qxc3 Nc6 6. Nf3 e6 7. Bb5 a6 8. Ba4 b5 9. Qxc6+ Bd7 10. Qe4 bxa4 11. Qf4 Bd6 12. Ne5 Bxe5 13. Qxe5 0-0 14. d3 Bc6 15. Bd2 Bxg2 16. Rg1 Bh3 17. Qxg7# 1-0